| 000 | 00458nam a2200181Ia 4500 | ||
|---|---|---|---|
| 008 | 170918s9999 xx 000 0 und d | ||
| 020 | _a9780545477000 | ||
| 050 | _bE88re 2013 | ||
| 100 | _aEulberg, Elizabeth | ||
| 245 | _aRevenge of the girl with the great personality / | ||
| 245 | _cby Elizabeth Eulberg. | ||
| 260 | _aNew York : | ||
| 260 | _bPoint, | ||
| 260 | _c2013 | ||
| 300 | _a265 pages : | ||
| 300 | _billustrations ; | ||
| 300 | _c20cm. | ||
| 999 |
_c344063 _d344063 |
||